| 000 | 01058nam a2200289Ia 4500 | ||
|---|---|---|---|
| 008 | 130821s1996 xxuab gr eng | ||
| 020 | _a60465875 | ||
| 040 |
_aCo-BoUCM _bspa _cJavier Garzón _dHenry Ríos |
||
| 041 | 0 | 0 | _aeng |
| 082 | 0 | 4 |
_a808.0427 _220 |
| 100 | 1 |
_aTalese, Gay _932646 |
|
| 245 | 1 | 0 |
_aWriting creative nonfiction the literature of reality _cGay Talese, Barbara Lounsberry |
| 246 | 3 | 0 | _aLiterature of reality |
| 260 |
_aNueva York (Estados Unidos) _bHarperCollins College Publishers _c1996 |
||
| 300 |
_aviii, 339 páginas _bilustraciones, mapas |
||
| 504 | _aIncluye referencias bibliográficas e índices | ||
| 650 | 0 | 7 |
_aEscritura creativa _914809 |
| 650 | 0 | 7 |
_aExposición (Retorica) _915459 |
| 650 | 0 | 7 |
_aLectores académicos _918307 |
| 650 | 0 | 7 |
_aLiteratura inglesa _9272 |
| 650 | 0 | 7 |
_aLiteratura _918599 |
| 650 | 0 | 7 |
_aPeriodismo _xAutoría _97909 |
| 650 | 0 | 7 |
_aReportajes _xAutoría _923568 |
| 690 | _aLiteratura | ||
| 700 | 1 |
_aLounsberry, Barbara _930225 |
|
| 942 |
_cLIBRO _a18 _e1 _mT143L _2DEWEY _h808.0427 |
||
| 999 |
_c40434 _d40434 |
||